000
00202 a2200097 4500
020
_a
9781536200751
041
_a
eng
100
_a
Megan Mcdonald
245
_a
Judy moody predicts the future
942
_c
BK
999
_c
30731
_d
30729